| 000 | nam a22 a 4500 | ||
|---|---|---|---|
| 999 |
_c4553 _d4553 |
||
| 003 | AKMAL | ||
| 005 | 20170531144829.0 | ||
| 008 | 1 s2006 my | e l 000 0 may d | ||
| 040 | _cAKMAL | ||
| 082 | 0 | 4 |
_a346.595048 MAL _222 |
| 090 | 0 | 0 |
_a346.595048 _bMAL |
| 110 | 1 |
_aMalaysia _9400 |
|
| 245 | 1 | 0 |
_aAkta Perihal Dagangan 1972 (Akta 87) & peraturan-peraturan & perintah-perintah : _b(hingga 1hb Ogos 2006) / _cdisusun oleh Lembaga Penyelidikan Undang-Undang |
| 260 |
_aPetaling Jaya : _bInternational Law Book Services, _c2006 |
||
| 300 |
_a105ms. ; _c24cm. |
||
| 440 | 0 |
_aUNDANG-UNDANG MALAYSIA _98784 |
|
| 650 | 1 | 0 |
_aPrice regulation _zMalaysia _98785 |
| 650 | 2 | 0 |
_aTrademarks _xLaw and legislation _zMalaysia _98786 |
| 650 | 2 | 0 |
_aTrade regulation _zMalaysia _92454 |
| 710 | 2 |
_aLembaga Penyelidikan Undang-Undang _98787 |
|
| 942 |
_2ddc _cBOOK |
||